De las brigadas internacionales a los sindicatos católicos: in comunista inglés juzga al comunismo

Сохранить в:
Библиографические подробности
Главный автор: Fraser, Hamish (Автор)
Формат:
Язык:испанский
Опубликовано: Madrid Nacional 1957
Серии:Libros de Actualidad Política
Предметы:
Метки: Добавить метку
Нет меток, Требуется 1-ая метка записи!

MARC

LEADER 00000nam a2200000 a 4500
001 UCR1797
003 CL-VaPUC
008 971219e19570000SP |||||||||||||||||spa|d
082 0 4 |a 261.7  |b FRA  |2 21 
100 0 |a Fraser, Hamish  |e author  |9 399290 
245 1 0 |a De las brigadas internacionales a los sindicatos católicos: in comunista inglés juzga al comunismo 
300 |a 365 p 
942 |c BK 
945 |d 19971219 00:00:00  |a jquezada 
260 |a Madrid  |b Nacional  |c 1957 
650 0 |a Teología social  |9 326726 
650 0 |a Comunismo  |9 255588 
650 0 |a Cristianismo  |9 257361 
650 7 |a UNIDAD EUROPEA  |2 CL-VaPUC  |9 399291 
650 0 |a Iglesia   |9 255004 
650 0 |a Sindicatos  |9 255034 
650 0 |a Proletariado  |9 269152 
650 0 |a Problemas sociales  |9 258537 
583 |a last modification  |c 19971219 00:00:00  |k Rodrigo Vera 
490 0 |a Libros de Actualidad Política 
999 |c 265162  |d 265160 
952 |0 0  |1 0  |4 0  |6 261_700000000000000_FRA_1957  |7 0  |8 A  |9 295982  |a BIBTEO  |b BIBTEO  |d 2019-11-20  |i 337324K  |o 261.7 FRA 1957  |p 337324K  |r 2025-01-17  |w 2019-11-20  |y BK  |k ICR